• 首页
  • 本馆介绍
  • 公告通知
  • 最新文献
  • 馆藏检索
  • 电子资源
  • 读者导购
  • 参考咨询
  • 我的图书馆
  • 登录
  • 详细信息显示
  • 放入我的书架
  • 预约/预借图书
  • 作者相关作品
  • 分类相关作品
  • 丛书相关作品
  • 出版社相关作品

书目信息

  • 表格格式
  • 工作单格式
  • 卡片格式
题名:
陈粟大军征战记
    
 
作者: ;陈粟大军征战记编辑委员会 编
分册:  
出版信息: 北京   新华出版社  1987
页数: 713页
开本: 20cm
丛书名:
单 册:
中图分类: E297.4
科图分类:
主题词: 革命回忆录--中国 , 第三野战军--史料 , 军事史--中国 , 战争史--中国
电子资源:
ISBN: 7-5011-0025-X
000 00781nam0 2200265 45
001 0187013035
005 20040422111350.2
010    @a7-5011-0025-X@dCNY4.65
100    @a19951125d1987 em y0chiy0121 ea
101 0  @achi
102    @aCN@b110000
105    @ay z 000yy
106    @ar
200 10 @a陈粟大军征战记@Achen su da jun zheng zhan ji@f陈粟大军征战记编辑委员会编
210    @a北京@c新华出版社@d1987
215    @a713页@d20cm
606    @a革命回忆录@y中国
606    @a第三野战军@x史料
606 0  @a军事史@x中国
606 0  @a战争史@x中国
690    @aE297.4
711 02 @a陈粟大军征战记编辑委员会@4编@Achen su da jun zheng zhan ji bian ji wei yuan hui
801  0 @aCN@b深圳图书馆@c20040422
801  2 @aCN@bNLC@c20040422
905    @f2@b216836-837@dE297.4@e31
    
    陈粟大军征战记/陈粟大军征战记编辑委员会编.-北京:新华出版社,1987
    713页;20cm
    
    
    ISBN 7-5011-0025-X:CNY4.65
    
●
相关链接 在E读中查询图书 在五车中查询图书 在当当中查询图书 在豆瓣中查询图书


正题名:陈粟大军征战记     索取号:E297.4/31         预约/预借

序号 登录号 条形码 馆藏地/架位号 状态 备注
1 0216836   001261137   第一借阅区/ [索取号:E297.4/31] 在馆    
2 0216837   001261128   第一借阅区/ [索取号:E297.4/31] 在馆    
3 0216838   002057099   第一样本阅览室/ [索取号:E297.4/31] 在馆    
唐山师范学院图书馆 欢迎您!
大连网信软件有限公司© 版权所有